Statistics for Helena Bonham Carter Movies

Click here to take the quiz!

General Stats

  • This quiz has been taken 49 times
    (45 since last reset)
  • The average score is 21 of 63

Answer Stats

Movie Title Role Year % Correct
Alice in Wonderland: Through the Looking GlassThe Red Queen2016
90%
Alice in WonderlandThe Red Queen2010
90%
Harry Potter and the Deathly Hallows - Part 1Bellatrix Lestrange
90%
Harry Potter and the Deathly Hallows - Part 2Bellatrix Lestrange2011
90%
Harry Potter and the Order of the PhoenixBellatrix Lestrange2007
85%
Harry Potter and the Half-Blood PrinceBellatrix Lestrange2009
80%
Corpse BrideEmily the Corpse Bride
71%
Charlie and the Chocolate FactoryMrs. Bucket
68%
Les MisérablesMme. Thénardier
66%
Sweeney Todd: The Demon of Fleet StreetMrs. Lovett
63%
The King's SpeechQueen Elizabeth
63%
Dark ShadowsDr. Julia Hoffman2012
61%
Great ExpectationsMiss Havisham
59%
HamletOphelia1990
56%
A Room with a ViewLucy Honeychurch1985
54%
Fight ClubMarla Singer1999
51%
Big FishJennifer Hill/The Witch2003
49%
Howards EndHelen Schlegel1992
46%
Lady JaneLady Jane Grey1986
44%
ToastJoan Potter
44%
Burton & TaylorElizabeth Taylor
41%
The Lone RangerRed Harrington2013
41%
Planet of the ApesAri2001
39%
EnidEnid Blyton
39%
Mary Shelley's FrankensteinElizabeth1994
37%
Wallace & Gromit: The Curse of the Were-RabbitLady Tottington
37%
The Wings of the DoveKate Croy
37%
The GruffaloMother Squirrel
27%
NovocaineSusan Ivey
27%
Women Talking DirtyCora
24%
Margaret's MuseumMargaret MacNeil
24%
Conversations with Other WomenWoman (bridesmaid)2005
24%
The Theory of FlightJane Thatchard
22%
Fatal Deception: Mrs. Lee Harvey OswaldMarina Oswald
22%
The Gruffalo's ChildMother Squirrel
22%
A Pattern of RosesNetty Bellinger1983
22%
Sixty SixEsther Reubens2006
22%
The Heart of MeDinah2002
22%
Live from BaghdadIngrid Formanek
22%
Twelfth Night: Or What You WillOlivia1996
20%
A Hazard of HeartsSerena Staverley
20%
Terminator SalvationDr. Serena Kogan/Skynet
20%
Till Human Voices Wake UsRuby
17%
Mighty AphroditeAmanda Weinrib1995
17%
Where Angels Fear to TreadCaroline Abbott1991
17%
Dancing QueenPandora/Julie1993
15%
Sweet RevengeKaren Knightly1998
15%
CarnivaleMilly2000
12%
The MaskIris1988
12%
Getting It RightLady Minerva Munday
12%
Portraits chinoisAda
12%
Magnificent 7Maggi Jackson
12%
The Petticoat ExpeditionsNarrator1997
10%
The Young and Prodigious SpivetDr. Clair
10%
Brown Bear's WeddingWhite Bear
7%
Turks & CaicosMargot Tyrrell2014
7%
FrancescoChiara Offreduccio1989
7%
A Dark-Adapted EyeFaith Severn (adult)
7%
Salting the BattlefieldMargot Tyrrell
5%
The Nearly Complete and Utter History of EverythingLily
2%
The Early Life of Beatrix PotterBeatrix Potter
2%
Six Minutes with LudwigThe Star
2%
Keep the AspiridistraRosemary
0%

Score Distribution

Percentile by Number Answered

Percent of People with Each Score

Your Score History

You have not taken this quiz since the last reset